000
00324 a2200157 4500
001
64101
020
_a
9788591323906
040
_c
Anchieta - Pituba
100
_a
Rodrigues, Deborah
240
1
0
_a
Poderosos
_l
por
245
1
0
_a
Poderosos
300
_a
285
362
0
_a
2012
650
4
_a
Literatura juvenil
942
_c
BK
999
_c
64101
_d
64101